000 00726cam a2200241 a 4500
001 2858716
005 20180214075144.0
008 850318s1985 ncua b s001 0 eng
010 _a 85002847
020 _a0807816663
020 _a0807841390 (pbk.)
040 _aDLC
_cDLC
_dDLC
041 _aeng
043 _an-us---
080 _a307.720973 HAH
082 0 0 _a307.720973 HAH
_219
100 _a16
101 _aHIS
245 0 4 _aThe Countryside in the age of capitalist transformation :
_cedited by Steven Hahn and Jonathan Prude.
504 _aIncludes bibliographies and index.
906 _a7
_bcbc
_corignew
_d1
_eocip
_f19
_gy-gencatlg
942 _2ddc
_cBK
999 _c42512
_d42512